000 00357 a2200157 4500
001 168766
020 _a
040 _cMagnum
100 _aGohn, Maria da Gloria
240 1 0 _aHistoria dos movimentos e lutas sociais
_lpor
245 1 0 _aHistoria dos movimentos e lutas sociais
362 0 _a1899
440 1 _aLoyola
697 _aGERAL
942 _cBK
999 _c168766
_d168766